Indian State Capitals - Statistics

General Stats
  • This quiz has been taken 22 times
  • The average score is 28 of 37
Answer Stats
State or Territory Capital % Correct
Jammu and Kashmir (summer) Srinagar
100%
Karnataka Bangalore
89%
Madhya Pradesh Bhopal
89%
Haryana Chandigarh
89%
Chandigarh Chandigarh
89%
Tamil Nadu Chennai
89%
Daman and Diu Daman
89%
Sikkim Gangtok
89%
Telangana Hyderabad
89%
Rajasthan Jaipur
89%
West Bengal Kolkata
89%
Maharashtra Mumbai
89%
National Capital Territory of Delhi New Delhi
89%
Bihar Patna
89%
Andaman and Nicobar Islands Port Blair
89%
Himachal Pradesh Shimla
89%
Punjab Chandigarh
78%
Gujarat Gandhinagar
78%
Andhra Pradesh Hyderabad
78%
Manipur Imphal
78%
Jammu and Kashmir (winter) Jammu
78%
Uttar Pradesh Lucknow
78%
Goa Panaji
78%
Jharkhand Ranchi
78%
Kerala Thiruvananthapuram
78%
Tripura Agartala
67%
Odisha Bhubaneswar
67%
Assam Dispur
67%
Nagaland Kohima
67%
Puducherry Pondicherry
67%
Chhattisgarh Raipur
67%
Mizoram Aizawl
56%
Uttarakhand Dehradun
56%
Arunachal Pradesh Itanagar
56%
Lakshadweep Kavaratti
44%
Meghalaya Shillong
44%
Dadra and Nagar Haveli Silvassa
33%
No matching quizzes found
Score Distribution
Percent of People with Each Score
Percentile by Number Answered
Your Score History
You have not taken this quiz